[Event "San Sebastian de los Reyes op 13th"]
[Site "San Sebastian"]
[Date "2011.12.05"]
[Round "4"]
[White "Martinez Cepedano, Roberto"]
[Black "Vidaurre Vargas, Luis Alberto"]
[Result "1/2-1/2"]
[WhiteElo "1683"]
[BlackElo "1871"]
[PlyCount "115"]
[EventDate "2011.12.02"]
[EventType "swiss"]
[EventRounds "9"]
[EventCountry "ESP"]
[SourceTitle "CBM 145 Extra"]
[Source "ChessBase"]
[SourceDate "2012.01.03"]
[SourceVersion "1"]
[SourceVersionDate "2012.01.03"]
[SourceQuality "1"]

1. e4 c5 2. Nf3 d6 3. d4 cxd4 4. Nxd4 Nc6 5. Nc3 Nf6 6. Bg5 e6 7. Be2 a6 8. a4 h6 9. Be3 Be7 10. Bf3 0-0 11. Nxc6 bxc6 12. e5 Nd5 13. Nxd5 cxd5 14. c4 dxe5 15. cxd5 exd5 16. Qxd5 Qxd5 17. Bxd5 Rb8 18. b3 Be6 19. Bxe6 fxe6 20. Rb1 Rfd8 21. Ke2 Rb7 22. Rhc1 Kf7 23. Rc6 a5 24. Rb6 Rxb6 25. Bxb6 Rd5 26. Rd1 Bb4 27. Be3 e4 28. Rd4 Rh5 29. h3 Re5 30. Bd2 Bxd2 31. Kxd2 Kf6 32. Ke3 Rg5 33. g3 Rc5 34. Kxe4 g6 35. b4 axb4 36. Rxb4 Rc2 37. Kd3 Ra2 38. Kc3 g5 39. Kc4 Rxf2 40. Kb5 Rf3 41. a5 Rxg3 42. a6 Rd3 43. a7 Rd8 44. Kb6 Kf5 45. Rc4 Ra8 46. Kb7 Rxa7+ 47. Kxa7 h5 48. Kb6 g4 49. hxg4+ hxg4 50. Kc5 e5 51. Kd5 g3 52. Rc2 Kf4 53. Kc4 Kf3 54. Rc3+ Kf2 55. Rc2+ Kf3 56. Rc3+ Kf2 57. Rc2+ Kf3 58. Rc3+ 1/2-1/2

[Event "San Sebastian de los Reyes op 13th"]
[Site "San Sebastian"]
[Date "2011.12.03"]
[Round "2"]
[White "Hernandez Ramos, David"]
[Black "Vidaurre Vargas, Luis Alberto"]
[Result "1/2-1/2"]
[WhiteElo "1574"]
[BlackElo "1871"]
[PlyCount "61"]
[EventDate "2011.12.02"]
[EventType "swiss"]
[EventRounds "9"]
[EventCountry "ESP"]
[SourceTitle "CBM 145 Extra"]
[Source "ChessBase"]
[SourceDate "2012.01.03"]
[SourceVersion "1"]
[SourceVersionDate "2012.01.03"]
[SourceQuality "1"]

1. e4 c5 2. Nf3 Nc6 3. Nc3 d6 4. d4 cxd4 5. Nxd4 Nf6 6. Bg5 e5 7. Nb3 a6 8. Bd3 Be7 9. Qd2 Be6 10. 0-0 0-0 11. Rad1 b5 12. a3 Qc7 13. Kh1 Rfd8 14. f3 Rac8 15. Qf2 b4 16. axb4 Nxb4 17. Nc1 h6 18. Bxf6 Bxf6 19. Rd2 Rb8 20. Rfd1 Bg5 21. Re2 Rb7 22. h4 Bxc1 23. Rxc1 Rdb8 24. Rd2 Nxd3 25. cxd3 Qa5 26. Rb1 Rb3 27. Rc2 Qb6 28. Qxb6 R8xb6 29. g4 h5 30. g5 g6 31. Kg2 1/2-1/2

[Event "San Sebastian de los Reyes op 13th"]
[Site "San Sebastian"]
[Date "2011.12.02"]
[Round "1"]
[White "Vidaurre Vargas, Luis Alberto"]
[Black "Lianes Garcia, Marcos"]
[Result "1/2-1/2"]
[WhiteElo "1871"]
[BlackElo "1471"]
[PlyCount "87"]
[EventDate "2011.12.02"]
[EventType "swiss"]
[EventRounds "9"]
[EventCountry "ESP"]
[SourceTitle "CBM 145 Extra"]
[Source "ChessBase"]
[SourceDate "2012.01.03"]
[SourceVersion "1"]
[SourceVersionDate "2012.01.03"]
[SourceQuality "1"]

1. d4 d5 2. Nf3 Nf6 3. Bf4 e6 4. e3 Nbd7 5. Bd3 Be7 6. 0-0 b6 7. c4 Bb7 8. Nc3 0-0 9. Rc1 c5 10. Qe2 Rc8 11. a3 Re8 12. Nb5 a6 13. Nd6 Bxd6 14. Bxd6 Rc6 15. dxc5 bxc5 16. Bg3 Qb6 17. Rc2 Rec8 18. Qd2 Re8 19. Qc3 dxc4 20. Qxc4 a5 21. Rfc1 Ba6 22. Qxa6 Qxa6 23. Bxa6 Rxa6 24. Ne1 Rc6 25. Nd3 Rec8 26. Rc4 Nd5 27. b4 axb4 28. axb4 N5b6 29. b5 R6c7 30. R4c2 Ra7 31. Nb4 cxb4 32. Rxc8+ Nxc8 33. Rxc8+ Nf8 34. h3 Rd7 35. b6 b3 36. Rc1 Rb7 37. Bc7 Nd7 38. Bd8 Rb8 39. Bc7 Rb7 40. Rd1 b2 41. Rb1 Nxb6 42. Rxb2 Rxc7 43. Rxb6 g6 44. g4 1/2-1/2

[Event "Madrid Codes Memorial 5th"]
[Site "Madrid"]
[Date "2011.05.08"]
[Round "4"]
[White "Murciano Cespedosa, Antonio"]
[Black "Vidaurre Vargas, Luis Alberto"]
[Result "1-0"]
[WhiteElo "1703"]
[BlackElo "1867"]
[PlyCount "102"]
[EventDate "2011.04.10"]
[EventType "swiss"]
[EventRounds "9"]
[EventCountry "ESP"]
[SourceTitle "EXT 2013"]
[Source "ChessBase"]
[SourceDate "2012.11.22"]
[SourceVersion "1"]
[SourceVersionDate "2012.11.22"]
[SourceQuality "1"]

1. d4 d5 2. Nf3 Nf6 3. c4 e6 4. Nc3 Nbd7 5. cxd5 exd5 6. Bg5 c6 7. e3 Bd6 8. Bd3 0-0 9. 0-0 Re8 10. Bc2 Qc7 11. Rc1 a6 12. h3 Ne4 13. Nxd5 cxd5 14. Bxe4 Qa5 15. Bb1 b5 16. Qd3 g6 17. Rc6 Bb8 18. a3 b4 19. Rfc1 Bb7 20. axb4 Qxb4 21. R6c2 Bd6 22. Ba2 a5 23. Qb3 f6 24. Bh6 Kf7 25. h4 Nb6 26. Ne1 Qxb3 27. Bxb3 g5 28. Rc7+ Bxc7 29. Rxc7+ Kg6 30. Rxb7 Nc4 31. Bc2+ f5 32. Bxg5 Rab8 33. Rxb8 Rxb8 34. b3 Nd2 35. Nd3 Nxb3 36. Ne5+ Kg7 37. Bxf5 a4 38. Be7 Nd2 39. Bc2 Ra8 40. Ba3 h6 41. f3 Nc4 42. Nxc4 dxc4 43. Kf2 Kf6 44. Ke2 Rg8 45. g4 Ra8 46. Kd2 Ke6 47. Kc3 Kf6 48. Kxc4 Rc8+ 49. Bc5 a3 50. Kb3 a2 51. Kxa2 Rxc5 1-0

[Event "San Sebastian Constitucion op 11th"]
[Site "San Sebastian"]
[Date "2009.12.04"]
[Round "5"]
[White "Sanchez Delgado, Lidia"]
[Black "Vidaurre Vargas, Luis Alberto"]
[Result "0-1"]
[WhiteElo "2020"]
[BlackElo "1879"]
[PlyCount "68"]
[EventDate "2009.11.30"]
[EventType "swiss"]
[EventRounds "9"]
[EventCountry "ESP"]
[SourceTitle "CBM 133 Extra"]
[Source "ChessBase"]
[SourceDate "2010.01.05"]
[SourceVersion "1"]
[SourceVersionDate "2010.01.05"]
[SourceQuality "1"]

1. e4 c5 2. Nc3 Nc6 3. d3 Nf6 4. g3 e6 5. Bg2 Be7 6. f4 d6 7. Nf3 d5 8. e5 Ng4 9. Ne2 d4 10. c3 dxc3 11. bxc3 0-0 12. h3 Nh6 13. Be3 Bd7 14. Qc2 Qa5 15. 0-0 Rac8 16. Qb3 b5 17. Rfd1 Rfd8 18. d4 c4 19. Qb2 b4 20. Nd2 bxc3 21. Qxc3 Qxc3 22. Nxc3 Nb4 23. Rab1 Nf5 24. Bf2 Nd3 25. Rb7 Bb4 26. Nde4 Rb8 27. Rxb8 Rxb8 28. g4 Nxf2 29. Kxf2 Bxc3 30. gxf5 Rb2+ 31. Kg1 Bb4 32. Rc1 exf5 33. Nd6 c3 34. a3 c2 0-1

[Event "San Sebastian Constitucion op 11th"]
[Site "San Sebastian"]
[Date "2009.12.01"]
[Round "2"]
[White "Vidaurre Vargas, Luis Alberto"]
[Black "Gemy Vargas, Jose Daniel"]
[Result "1/2-1/2"]
[WhiteElo "1879"]
[BlackElo "2187"]
[PlyCount "52"]
[EventDate "2009.11.30"]
[EventType "swiss"]
[EventRounds "9"]
[EventCountry "ESP"]
[SourceTitle "CBM 133 Extra"]
[Source "ChessBase"]
[SourceDate "2010.01.05"]
[SourceVersion "1"]
[SourceVersionDate "2010.01.05"]
[SourceQuality "1"]

1. d4 Nf6 2. c4 e5 3. d5 Bb4+ 4. Bd2 Qe7 5. Nc3 a5 6. Nf3 d6 7. e3 h6 8. Be2 Nbd7 9. 0-0 g5 10. a3 Bxc3 11. Bxc3 a4 12. Nd2 h5 13. b4 axb3 14. Nxb3 g4 15. Qc2 b6 16. a4 Nc5 17. a5 Ba6 18. axb6 cxb6 19. Nxc5 bxc5 20. Ra5 0-0 21. Rfa1 Bb7 22. Qf5 Rfd8 23. Qg5+ Kf8 24. Qh6+ Kg8 25. Qg5+ Kf8 26. Qh6+ Kg8 1/2-1/2